000
00301nam a2200121 a 4500
008
101026s1990|||| d
100
1
_a
Mattyasovszky, Jeno
245
1
0
_a
Tajná úloha
041
_a
slo
044
_a
xo
_c
SK
260
_b
Východoslovenské vzdavateľstvo
_a
Košice
_c
1990
020
_c
26
999
_c
12312
_d
12312